HPLC- HIGH PERFORMANCE LIQUID CHROMATOGRAPHY (Record no. 7209)

MARC details
000 -LEADER
fixed length control field 00272nam a2200121Ia 4500
082 ## - DEWEY DECIMAL CLASSIFICATION NUMBER
Classification number 615.1
Item number H10S
100 ## - MAIN ENTRY--PERSONAL NAME
Personal name SETHI, P.D.
245 ## - TITLE STATEMENT
Title HPLC- HIGH PERFORMANCE LIQUID CHROMATOGRAPHY
260 ## - PUBLICATION, DISTRIBUTION, ETC. (IMPRINT)
Name of publisher, distributor, etc CBS- DELHI
300 ## - PAGE DESCRIPTION
No. of Pages 508
650 ## - SUBJECT ADDED ENTRY--TOPICAL TERM
Topical term or geographic name as entry element PHARMACEUTICS
942 ## - ADDED ENTRY ELEMENTS (KOHA)
Source of classification or shelving scheme Dewey Decimal Classification
Koha item type Books
Holdings
Withdrawn status Lost status Source of classification or shelving scheme Damaged status Not for loan Collection code Home library Current library Shelving location Date acquired Vendor Name Cost, normal purchase price SGTU Bill Number Full call number Accession No. (Barcode) Date last seen Bill Date Koha item type
    Dewey Decimal Classification     PHARMACY SGT FA-FP Library SGT FA-FP Library Reference Book 02/07/2015 ABC DELHI 2995.00 SGTU 5118 615.1 H10S FP707 02/07/2015 12/02/2014 Books
    Dewey Decimal Classification     PHARMACY SGT FA-FP Library SGT FA-FP Library Reference Book 02/07/2015 ABC DELHI 2995.00 SGTU 5118 615.1 H10S FP708 02/07/2015 12/02/2014 Books